| 000 | 00763cab a22001935a 4500 | ||
|---|---|---|---|
| 001 | L141941 | ||
| 008 | 080116e20080111xxkad f s 000 0 eng d | ||
| 035 | _a(Sirsi) u141941 | ||
| 041 | 0 | _aeng | |
| 100 | 1 | _aWhitmore, James | |
| 245 | 0 | 0 | _aNothing to smile about |
| 260 | _c2007 | ||
| 490 | 0 |
_aProperty Week _v72(2) 11 January 2008, 20-21(2) |
|
| 520 | _aReviews developments in 2007 in the quoted property sector. Focuses on the the best and worst performing firms. Covers REITS share performance; non-reits share performance and property investment trusts. Finds 2007 was a bad year but expects that 2008 cannot be as bad. | ||
| 590 | _aKA | ||
| 651 | 4 |
_aUnited Kingdom _y |
|
| 690 | _aPROPERTY-COMMERCIAL PROPERTY-COMMERCIAL PROPERTY MARKET | ||
| 942 | _n0 | ||
| 999 |
_c79661 _d79661 |
||